Sois dioses (Jn 10, 34) (Record no. 844821)
[ view plain ]
| 000 -CABECERA | |
|---|---|
| Campo de control de longitud fija | 00523nam a2200193 4500 |
| 001 - NÚMERO DE CONTROL | |
| Campo de control | VA72939 |
| 003 - IDENTIFICADOR DEL NÚMERO DE CONTROL | |
| Campo de control | ES-SlBCS |
| 005 - FECHA Y HORA DE LA ÚLTIMA TRANSACCIÓN | |
| Campo de control | 20210601161647.0 |
| 008 - CÓDIGOS DE INFORMACIÓN DE LONGITUD FIJA | |
| Campo de control de longitud fija | 140520s2007 xxu||||| |||| 00| 0 spa d |
| 017 ## - NÚMERO DE COPYRIGHT O DE DEPÓSITO LEGAL | |
| Número de copyright o de depósito legal | M-2713-2007 |
| 020 ## - NÚMERO INTERANCIONAL NORMALIZADO PARA LIBROS (ISBN) | |
| Número Internacional Normalizado para Libros (ISBN) | 978-84-8440-372-2 |
| 041 ## - CÓDIGO DE LENGUA | |
| Código de lengua del texto/banda sonora o título independiente | spa |
| 100 1# - PUNTO DE ACCESO PRINCIPAL-NOMBRE DE PERSONA | |
| Nombre de persona | Prieto Ramiro, Rafael |
| 9 (RLIN) | 29668 |
| 245 10 - MENCIÓN DE TÍTULO | |
| Título | Sois dioses (Jn 10, 34) |
| Resto del título | :Cuaresma y Pascua, 2007 |
| Mención de responsabilidad, etc. | Rafael Prieto Ramiro |
| 260 ## - PUBLICACIÓN, DISTRIBUCIÓN, ETC... (PIE DE IMPRENTA) | |
| Lugar de publicación, distribución, etc. | Madrid : |
| Nombre del editor, distribuidor, etc. | Cáritas |
| Fecha de publicación, distribución, etc. | , 2007 |
| 300 ## - DESCRIPCIÓN FÍSICA | |
| Extensión | 287 p.; |
| Dimensiones | 21 cm |
| 630 04 - PUNTO DE ACCESO ADICIONAL DE MATERIA-TÍTULO UNIFORME | |
| Título uniforme | Juan 10,34 |
| 9 (RLIN) | 164556 |
| 942 ## - ENTRADA DE ELEMENTOS AGREGADOS (KOHA) | |
| Koha [por defecto] tipo de item | Libros |
| Suprimido | Perdido | Estropeado | No para préstamo | Localización permanente | Localización actual | Localización en estantería | Fecha adquisición | Préstamos totales | Signatura completa | Número de Registro / Código de Barras | Fecha última consulta | Fecha del precio de reemplazo | Tipo de item de Koha |
|---|---|---|---|---|---|---|---|---|---|---|---|---|---|
| San Esteban | San Esteban | Valladolid | 11/07/2014 | 59/A2 | VA72939 | 11/07/2014 | 11/07/2014 | Libros |
